|
|
|
|
| LEADER |
02806nam a2200529 4500 |
| 001 |
ocn870264370 |
| 003 |
OCoLC |
| 005 |
20170124071659.3 |
| 006 |
m o d |
| 007 |
cr cnu|||unuuu |
| 008 |
140210s2014 nju o 101 0 eng d |
| 040 |
|
|
|a DG1
|b eng
|e rda
|e pn
|c DG1
|d OCLCO
|d OCLCF
|d OCLCQ
|d OCLCO
|d OCL
|d OCLCO
|d DEBBG
|d GrThAP
|
| 020 |
|
|
|a 9781118888735
|q (electronic bk.)
|
| 020 |
|
|
|a 1118888731
|q (electronic bk.)
|
| 024 |
7 |
|
|a 10.1002/9781118888735
|2 doi
|
| 029 |
1 |
|
|a NZ1
|b 15495729
|
| 029 |
1 |
|
|a CHVBK
|b 334096251
|
| 029 |
1 |
|
|a CHBIS
|b 010441894
|
| 029 |
1 |
|
|a GBVCP
|b 786695277
|
| 029 |
1 |
|
|a DEBBG
|b BV043396546
|
| 035 |
|
|
|a (OCoLC)870264370
|
| 050 |
|
4 |
|a TJ163.15
|
| 082 |
0 |
4 |
|a 669.0286
|2 23
|
| 049 |
|
|
|a MAIN
|
| 111 |
2 |
|
|a Energy Technology and CO₂ Management (Symposium)
|d (2014 :
|c San Diego, Calif.)
|
| 245 |
1 |
0 |
|a Energy technology 2014 :
|b proceedings of a symposium, Energy Technologies and Carbon Dioxide Management, sponsored by the Energy Committee of the Extraction & Processing Division and the Light Metals Division of The Minerals, Metals & Materials Society (TMS) with papers contributed by two symposia, High-temperature Material Systems for Energy Conversion and Storage and Solar Cell Silicon, sponsored by the Energy Conversion and Storage Committee of the Electronic, Magnetic & Photonic Materials Division of The Minerals, Metals & Materials Society (TMS) held during the TMS 2014, 143rd Annual Meeting & Exhibition, Februrary 16-20, 2014, San Diego Convention Center, San Diego, California, USA /
|c edited by Cong Wang ... [and more].
|
| 264 |
|
1 |
|a Hoboken, New Jersey :
|b John Wiley & Sons, Inc.,
|c 2014.
|
| 264 |
|
4 |
|c ©2014
|
| 300 |
|
|
|a 1 online resource
|
| 336 |
|
|
|a text
|b txt
|2 rdacontent
|
| 337 |
|
|
|a computer
|b c
|2 rdamedia
|
| 338 |
|
|
|a online resource
|b cr
|2 rdacarrier
|
| 500 |
|
|
|a Includes indexes.
|
| 588 |
0 |
|
|a Print version record.
|
| 650 |
|
0 |
|a Energy development
|x Technological innovations
|v Congresses.
|
| 650 |
|
0 |
|a Power resources
|v Congresses.
|
| 650 |
|
7 |
|a Energy development
|x Technological innovations.
|2 fast
|0 (OCoLC)fst00910070
|
| 650 |
|
7 |
|a Power resources.
|2 fast
|0 (OCoLC)fst01074275
|
| 655 |
|
4 |
|a Electronic books.
|
| 655 |
|
7 |
|a Conference papers and proceedings.
|2 fast
|0 (OCoLC)fst01423772
|
| 700 |
1 |
|
|a Wang, Cong
|c (Engineer),
|e editor.
|
| 710 |
2 |
|
|a Minerals, Metals and Materials Society.
|b Energy Committee,
|e sponsoring body.
|
| 710 |
2 |
|
|a Minerals, Metals and Materials Society.
|b Light Metals Division,
|e sponsoring body.
|
| 711 |
2 |
|
|a High-temperature Material Systems for Energy Conversion and Storage (Symposium)
|d (2014 :
|c San Diego, Calif.)
|
| 711 |
2 |
|
|a Solar Cell Silicon (Symposium)
|d (2014 :
|c San Diego, Calif.)
|
| 856 |
4 |
0 |
|u https://doi.org/10.1002/9781118888735
|z Full Text via HEAL-Link
|
| 994 |
|
|
|a 92
|b DG1
|